Almanaque de La Ilustración : (Record no. 2621)

MARC details
000 -LEADER
campo de control de longitud fija 01422nas a2200337 i 4500
001 - NÚMERO DE CONTROL
campo de control 2621
003 - IDENTIFICADOR DE NÚMERO DE CONTROL
campo de control ES-MaACL
005 - FECHA Y HORA DE LA ÚLTIMA TRANSACCIÓN
campo de control 20250905140944.0
007 - CAMPO FIJO DE DESCRIPCIÓN FÍSICA--INFORMACIÓN GENERAL
campo de control de longitud fija t|
008 - DATOS DE LONGITUD FIJA--INFORMACIÓN GENERAL
campo de control de longitud fija 950801d18741906sp arype 0 |spa d
022 ## - NÚMERO INTERNACIONAL NORMALIZADO PARA PUBLICACIONES SERIADAS
Número Internacional Normalizado para Publicaciones Seriadas 2481-3478
080 ## - NÚMERO DE LA CLASIFICACIÓN DECIMAL UNIVERSAL
Número de la Clasificación Decimal Universal (059)(460)
245 00 - MENCIÓN DEL TÍTULO
Título Almanaque de La Ilustración :
Resto del título compuesto y arreglado por Don Carlos Frontaura.
246 3# - FORMA VARIANTE DEL TITULO
Título propio/Titulo breve Almanaque de La Ilustración española y americana, 1903-
260 ## - PUBLICACIÓN, DISTRIBUCIÓN, ETC.
Lugar de publicación, distribución, etc. [Madrid :
Nombre del editor, distribuidor, etc. s.n.] (
Fabricante Imp., Estereotipia y Galvanoplastia de Aribau y Cª)
300 ## - DESCRIPCIÓN FÍSICA
Extensión 9 v. :
Otras características físicas il. ;
Dimensiones 28 cm.
310 ## - PERIODICIDAD ACTUAL
Periodicidad actual Anual
362 1# - FECHAS DE PUBLICACIÓN Y/O DESIGNACIÓN SECUENCIAL
Fecha de publicación y/o designación secuencial [1874-1906]
530 ## - NOTA DISPONIBLE DE FORMULARIO FÍSICO ADICIONAL
Nota de formato físico adicional disponible Disponible en formato digital.
594 ## - Nota al título y mención de responsabilidad
Nota al título y mención de responsabilidad Directores: Carlos Frontaura; Abelardo de Carlos; Antonio Garrido
700 0# - ENTRADA AGREGADA--NOMBRE PERSONAL
Nombre de persona Frontaura, Carlos,
Fechas asociadas al nombre 1834-1910
9 (RLIN) 52739
700 1# - ENTRADA AGREGADA--NOMBRE PERSONAL
Nombre de persona Carlos, Abelardo de,
Fechas asociadas al nombre 1822-1884
9 (RLIN) 166077
700 1# - ENTRADA AGREGADA--NOMBRE PERSONAL
Nombre de persona Garrido y Villazán, Antonio,
Fechas asociadas al nombre 1855-1928
9 (RLIN) 174814
785 00 - ENTRADA/ENLACE A UN TÍTULO POSTERIOR
Título Almanaque de La Ilustración española y americana = ISSN 9972-5681
787 0# - ENTRA/ENLACE A OTRAS RELACIONES
Título La Ilustración española y americana
852 4# - LOCALIZACIÓN
Ubicación ES-MaACL
Número de control de estantería B-11128-36
856 4# - LOCALIZACIÓN Y ACCESO ELECTRÓNICOS
Identificador Uniforme de Recursos <a href="https://bibliotecavirtualmadrid.comunidad.madrid/bvmadrid_publicacion/es/consulta/registro.do?id=3">https://bibliotecavirtualmadrid.comunidad.madrid/bvmadrid_publicacion/es/consulta/registro.do?id=3</a>
Nota pública Biblioteca Digital de la Comunidad de Madrid
856 4# - LOCALIZACIÓN Y ACCESO ELECTRÓNICOS
Identificador Uniforme de Recursos <a href="http://prensahistorica.mcu.es/es/consulta/registro.cmd?id=6132 ">http://prensahistorica.mcu.es/es/consulta/registro.cmd?id=6132 </a>
Nota pública Biblioteca Virtual de Prensa Histórica
866 #0 - MENCIÓN TEXTUAL DE FONDOS--UNIDAD BIBLIOGRÁFICA BÁSICA
Fondos 1877-1914.
Holdings
Estatus retirado Estado de pérdida Estado de daño No para préstamo Colección Biblioteca de origen Biblioteca actual Ubicación en estantería Fecha de adquisición Fuente de adquisición Total de préstamos Signatura topográfica completa Código de barras Visto por última vez Precio de reemplazo Tipo de ítem Koha
        Colección digital Biblioteca del Ateneo de Madrid Biblioteca del Ateneo de Madrid Sala Pardo Bazán 17/01/2008     B-11128-36 1002665 23/02/2023 23/02/2023 Revista